00000000cam 2200000zi 4500
0019.963292
003CaOODSP
00520260603133211
006m     o  d f      
007cr |n ||||||||
008260603m19941989onc     o    f000 0 eng d
040 |aCaOODSP|beng|erda|cCaOODSP
041 |aeng|afre
043 |an-cn---
0861 |aP29-001-001-1-89-1994-PDF
24500|aRaw linseed oil = |bhuile de lin brute.
24611|aHuile de lin brute
250 |aWithdrawal
264 1|aOttawa, Canada : |bCanadian General Standards Board = Office des normes générales du Canada, |c1989, 1994.
264 4|c©1989
300 |a1 online resource (1 volume in various pagings)
336 |atext|btxt|2rdacontent
337 |acomputer|bc|2rdamedia
338 |aonline resource|bcr|2rdacarrier
500 |aDigitized edition from print [produced by Canadian General Standards Board].
500 |a"CAN/CGSB-1.1-M89. Withdrawal, June 1994."
546 |aText in English and in French.
650 0|aLinseed oil|zCanada|xStandards.
7102 |aCanadian General Standards Board, |eissuing body.
788 |tRaw linseed oil = |efre|w(CaOODSP)9.963294
85640|qPDF|s3320 KB|uhttps://publications.gc.ca/collections/collection_2026/ongc-cgsb/P29-001-001-1-89-1994.pdf